| 000 | 00482nam a22001697a 4500 | ||
|---|---|---|---|
| 003 | NUST - PNEC | ||
| 005 | 20170116181006.0 | ||
| 008 | 150912b xxu||||| |||| 00| 0 eng d | ||
| 020 | _a0536001367 | ||
| 040 | _cLIBRARY | ||
| 082 | _a621.381 TAP | ||
| 100 |
_99825 _aTapper, Jerome |
||
| 245 |
_aElectronics for engineering technology : selected topics for design engineers _cJerome Tapper |
||
| 260 | _cc.1997 | ||
| 650 |
_99822 _aElectronics engineering _xEL |
||
| 942 |
_2ddc _cBK |
||
| 999 |
_c66893 _d66893 |
||